Communicating in groups and teams : sharing leadership. / (Record no. 9615)

MARC details
000 -LEADER
fixed length control field 01807cam a2200277 a 4500
001 - CONTROL NUMBER
control field 2558907
003 - CONTROL NUMBER IDENTIFIER
control field OSt
005 - DATE AND TIME OF LATEST TRANSACTION
control field 20230518134104.0
008 - FIXED-LENGTH DATA ELEMENTS--GENERAL INFORMATION
fixed length control field 950523s1996 caua b 001 0 eng
010 ## - LIBRARY OF CONGRESS CONTROL NUMBER
LC control number 95004931
020 ## - INTERNATIONAL STANDARD BOOK NUMBER
International Standard Book Number 0534515460
040 ## - CATALOGING SOURCE
Original cataloging agency DLC
Transcribing agency LC
Modifying agency DLC
050 00 - LIBRARY OF CONGRESS CALL NUMBER
Classification number HD30.3.L86
082 00 - DEWEY DECIMAL CLASSIFICATION NUMBER
Classification number 658.4/036
100 1# - MAIN ENTRY--PERSONAL NAME
Personal name Lumsden, Gay.
9 (RLIN) 1487
245 10 - TITLE STATEMENT
Title Communicating in groups and teams : sharing leadership. /
Statement of responsibility, etc. Gay Lumsden, Donald Lumsden.
250 ## - EDITION STATEMENT
Edition statement 4th ed.
260 ## - PUBLICATION, DISTRIBUTION, ETC.
Place of publication, distribution, etc. London:
Name of publisher, distributor, etc. Thomson/Wadsworth Pub. Co.,
Date of publication, distribution, etc. 2004.
300 ## - PHYSICAL DESCRIPTION
Extent xxiii, 408 p. :
Other physical details ill. ;
Dimensions 24 cm.
504 ## - BIBLIOGRAPHY, ETC. NOTE
Bibliography, etc. note Includes bibliographical references (p. 478-491) and indexes.
505 ## - FORMATTED CONTENTS NOTE
Formatted contents note Contents: Your roles in groups and teams: Your groups and teams: communicating for success -- Your teamwork responsibility: sharing leadership -- Sharing leadership to create teamwork: The work in teamwork: planning the process -- The team in teamwork: bringing individuals together -- Sharing leadership through task processes: Task questions and resources: launching your inquiry -- Logical and critical thinking: analyzing team information -- Innovative and creative thinking: generating new ideas -- Problem analysis and decision making: following clear systems -- Sharing leadership through transactional process: Verbal and nonverbal communication: building transactional processes -- Listening and questioning: developing team dialogue -- Meeting challenges to leaders and leadership: Teams and designated leaders: achieving team visions -- Team pressures and conflicts: meeting the challenges -- Team problems and participation: managing the obstacles --
650 #0 - SUBJECT ADDED ENTRY--TOPICAL TERM
Topical term or geographic name entry element Communication in organizations.
9 (RLIN) 686
650 #0 - SUBJECT ADDED ENTRY--TOPICAL TERM
Topical term or geographic name entry element Teams in the workplace.
9 (RLIN) 1488
700 ## - ADDED ENTRY--PERSONAL NAME
Fuller form of name Lumsden, Donald
9 (RLIN) 1489
942 ## - ADDED ENTRY ELEMENTS (KOHA)
Source of classification or shelving scheme Library of Congress Classification
Koha item type Books
Holdings
Withdrawn status Lost status Source of classification or shelving scheme Damaged status Not for loan Home library Current library Shelving location Date acquired Total Checkouts Full call number Barcode Date last seen Price effective from Koha item type
    Library of Congress Classification     WISCONSIN INTERNATIONAL UNIVERSITY COLLEGE, GHANA KUMASI LIBRARY WISCONSIN INTERNATIONAL UNIVERSITY COLLEGE, GHANA KUMASI LIBRARY General Stacks 08/03/2023   HD30.3.L86(4e) K/2933/0031/23 15/05/2023 15/05/2023 Books

If you have any concerns or questions; kindly contact the library


© Powered by WIUC ICT DIRECTORATE